[Event "Irish Championship 2004"]
[Site "Limerick IRL"]
[Date "2004.07.10"]
[Round "1"]
[White "Beveridge, Allan"]
[Black "Jones, Gawain"]
[Result "0-1"]
[BlackTitle "FM"]
[WhiteElo "2138"]
[BlackElo "2453"]
[WhiteNationality "SCO"]
[BlackNationality "ENG"]
[WhiteFideId "2400995"]
[BlackFideId "409561"]
[WhiteICUId "6750"]
[BlackICUId "7685"]
[PlyCount "104"]
[Venue "Kilmurry Lodge Hotel, Dublin Rd, N7, Castletroy, Limerick"]
[EventDate "2004.07.10"]
[Source "ICU games archive"]

{ Event information: <a
href="https://www.irlchess.com/irlch2004_allfiles/pairings_irlch2004.html">Tournament
report</a>. }

1. d4 Nf6 2. Nf3 c5 3. c3 b6 4. Bf4 Bb7 5. e3 d6 6. Nbd2 g6 7. h3 Bg7 8. a4
a6 9. Be2 O-O 10. O-O Nc6 11. Re1 Re8 12. Bh2 Qc7 13. Nc4 Rab8 14. Bf1 Na5
15. Nfd2 Nxc4 16. Nxc4 Bd5 17. Nd2 cxd4 18. cxd4 Qb7 19. Qe2 b5 20. axb5
Qxb5 21. Qxb5 axb5 22. Bd3 Be6 23. Rec1 Nd5 24. Ra5 Bd7 25. Rf1 Red8 26.
Re1 Nb4 27. Be2 Ra8 28. Ra3 Rxa3 29. bxa3 Nd5 30. Bf3 Be6 31. Be2 Ra8 32.
Bxb5 Rxa3 33. Bc4 h5 34. Nf3 Bf6 35. Nd2 Nb4 36. Rb1 Nd5 37. Ne4 Kg7 38.
Nxf6 Kxf6 39. Re1 Nb4 40. Be2 Bd5 41. Kf1 Na2 42. Ra1 Rb3 43. Bg1 Rb2 44.
f3 Nc3 45. Ba6 Nb1 46. e4 Nd2+ 47. Ke1 Nb3 48. Rd1 Rxg2 49. Bf2 Be6 50. h4
Rh2 51. d5 Bh3 52. Bd3 Rh1+ 0-1

[Event "Irish Championship 2004"]
[Site "Limerick IRL"]
[Date "2004.07.10"]
[Round "1"]
[White "Jessel, Stephen"]
[Black "Walsh, Paul"]
[Result "1-0"]
[WhiteElo "2238"]
[BlackElo "2052"]
[WhiteICU "2065"]
[BlackICU "1991"]
[WhiteClub "Phibsboro"]
[BlackClub "Sarsfield"]
[WhiteNationality "IRL"]
[BlackNationality "IRL"]
[WhiteFideId "628859"]
[BlackFideId "2501260"]
[WhiteICUId "4790"]
[BlackICUId "3820"]
[PlyCount "76"]
[Venue "Kilmurry Lodge Hotel, Dublin Rd, N7, Castletroy, Limerick"]
[EventDate "2004.07.10"]
[Source "ICU games archive"]

{ Event information: <a
href="https://www.irlchess.com/irlch2004_allfiles/pairings_irlch2004.html">Tournament
report</a>. }

1. e4 e5 2. Nf3 Nc6 3. Bc4 Bc5 4. d3 d6 5. c3 Nf6 6. Bb3 Qe7 7. Nbd2 O-O 8.
h3 Be6 9. Nf1 Rad8 10. Ng3 d5 11. Qe2 dxe4 12. dxe4 Bxb3 13. axb3 Bb6 14.
b4 Rd7 15. O-O Ne8 16. Nf5 Qe6 17. Ne3 Bxe3 18. Bxe3 a6 19. Nd2 Nd6 20. Qg4
Nd8 21. Rfd1 f6 22. Nc4 Rff7 23. Nxd6 Rxd6 24. Rxd6 cxd6 25. b5 Qc4 26.
bxa6 bxa6 27. Qd1 Qxe4 28. Qxd6 Rf8 29. Bc5 Re8 30. Qd7 Qg6 31. Rxa6 Qf7
32. Qxf7+ Nxf7 33. b4 f5 34. Rc6 e4 35. b5 Ne5 36. Rc7 f4 37. b6 Nd3 38.
Bd4 f3 1-0

[Event "Irish Championship 2004"]
[Site "Limerick IRL"]
[Date "2004.07.10"]
[Round "1"]
[White "Keogh, Eamon"]
[Black "Brady, Stephen"]
[Result "0-1"]
[WhiteTitle "NM"]
[BlackTitle "FM"]
[WhiteElo "2123"]
[BlackElo "2365"]
[WhiteICU "1938"]
[BlackICU "2365"]
[WhiteClub "Kilkenny"]
[BlackClub "Phibsboro"]
[BlackNationality "IRL"]
[WhiteFideId "2500264"]
[BlackFideId "2500124"]
[WhiteICUId "731"]
[BlackICUId "90"]
[PlyCount "102"]
[Venue "Kilmurry Lodge Hotel, Dublin Rd, N7, Castletroy, Limerick"]
[EventDate "2004.07.10"]
[Source "ICU games archive"]

{ Event information: <a
href="https://www.irlchess.com/irlch2004_allfiles/pairings_irlch2004.html">Tournament
report</a>. }

1. e4 e6 2. d4 d5 3. Nc3 Nf6 4. e5 Nfd7 5. f4 c5 6. Nf3 Nc6 7. f5 cxd4 8.
fxe6 fxe6 9. Bg5 Be7 10. Bxe7 Qxe7 11. Nb5 O-O 12. Nbxd4 Ndxe5 13. Be2
Nxf3+ 14. Nxf3 Qb4+ 15. Qd2 Qxd2+ 16. Kxd2 a6 17. Rae1 Bd7 18. Bd3 Rae8 19.
Rhf1 e5 20. c4 e4 21. cxd5 exd3 22. dxc6 Bxc6 23. Rxe8 Bxe8 24. Re1 Bg6 25.
Re3 h6 26. Re6 Bf7 27. Rd6 Bxa2 28. Kxd3 Rf4 29. Ke3 Rb4 30. Rd2 Kh7 31.
Nd4 a5 32. g3 a4 33. Rf2 Rb6 34. Kd3 Ra6 35. Nb5 Rc6 36. Nd4 Bb1+ 37. Kd2
Rc4 38. Ke3 Bg6 39. Rd2 Rc5 40. Rf2 b5 41. Rf8 b4 42. Rb8 Rc4 43. Rb6 a3
44. bxa3 bxa3 45. Ra6 Rc3+ 46. Kf4 Bd3 47. Ra7 Bc4 48. Nf5 a2 49. Rxg7+ Kh8
50. Ra7 Rc1 51. Ne7 a1=Q 0-1

[Event "Irish Championship 2004"]
[Site "Limerick IRL"]
[Date "2004.07.10"]
[Round "1"]
[White "Mudrak, Josef"]
[Black "Fox, Anthony"]
[Result "1/2-1/2"]
[WhiteTitle "FM"]
[WhiteElo "2353"]
[BlackElo "2123"]
[BlackICU "2059"]
[BlackClub "Dun Laoghaire"]
[WhiteNationality "CZE"]
[BlackNationality "IRL"]
[WhiteFideId "301116"]
[BlackFideId "2500736"]
[BlackICUId "456"]
[PlyCount "117"]
[Venue "Kilmurry Lodge Hotel, Dublin Rd, N7, Castletroy, Limerick"]
[EventDate "2004.07.10"]
[Source "ICU games archive"]
[WhiteFullName "Mudr&aacute;k, Josef"]

{ Event information: <a
href="https://www.irlchess.com/irlch2004_allfiles/pairings_irlch2004.html">Tournament
report</a>. }

1. d4 d5 2. Nf3 Nf6 3. g3 e6 4. Bg2 Be7 5. O-O O-O 6. c4 c6 7. Nc3 Nbd7 8.
b3 b6 9. Bb2 Ba6 10. Nd2 b5 11. c5 b4 12. Na4 Bb5 13. a3 a5 14. Re1 Qc7 15.
Qc2 h6 16. f4 Ng4 17. e4 dxe4 18. Nxe4 Ngf6 19. Nf2 Rfe8 20. Qd2 Bxa4 21.
bxa4 Rab8 22. axb4 axb4 23. Nd3 Nd5 24. Qc2 Qa5 25. Qb3 Bf6 26. Kh1 Rec8
27. Rec1 g6 28. Bf3 h5 29. Rc4 h4 30. Bc1 hxg3 31. hxg3 Kg7 32. Bd2 Rh8+
33. Kg2 Rh7 34. Rh1 Rxh1 35. Kxh1 Qd8 36. Kg2 Qh8 37. Ne5 Qh7 38. Nxd7 Rh8
39. Kf2 Qh2+ 40. Bg2 Rh3 41. Ne5 Rxg3 42. Qxg3 Bh4 43. Qxh4 Qxh4+ 44. Kg1
b3 45. Bxd5 exd5 46. Rb4 Qg3+ 47. Kf1 f6 48. Nxc6 Qd3+ 49. Ke1 Qb1+ 50. Ke2
b2 51. Rb7+ Kh6 52. f5+ g5 53. Ne7 Qe4+ 54. Be3 Kh5 55. Ng8 Qc2+ 56. Bd2
Qe4+ 57. Be3 Qc2+ 58. Bd2 Qe4+ 59. Be3 1/2-1/2

[Event "Irish Championship 2004"]
[Site "Limerick IRL"]
[Date "2004.07.10"]
[Round "1"]
[White "Orr, Mark J. L."]
[Black "Freeman, Gordon"]
[Result "1-0"]
[WhiteTitle "IM"]
[WhiteElo "2338"]
[BlackElo "2066"]
[WhiteICU "2273"]
[BlackICU "1956"]
[WhiteClub "Wandering Dragons SCO"]
[BlackClub "Gonzaga"]
[WhiteNationality "IRL"]
[BlackNationality "IRL"]
[WhiteFideId "2500035"]
[BlackFideId "2501309"]
[WhiteICUId "1350"]
[BlackICUId "4153"]
[PlyCount "55"]
[Venue "Kilmurry Lodge Hotel, Dublin Rd, N7, Castletroy, Limerick"]
[EventDate "2004.07.10"]
[Source "ICU games archive"]

{ Event information: <a
href="https://www.irlchess.com/irlch2004_allfiles/pairings_irlch2004.html">Tournament
report</a>. }

1. d4 Nf6 2. Bg5 g6 3. Bxf6 exf6 4. g3 Bg7 5. Bg2 f5 6. c3 O-O 7. e3 d6 8.
Ne2 Nd7 9. O-O Nf6 10. Nd2 Re8 11. Qc2 Qe7 12. a4 c6 13. a5 Bd7 14. c4 Ne4
15. Nc3 Nxd2 16. Qxd2 Rac8 17. Rab1 Qg5 18. b4 b6 19. axb6 axb6 20. Na4 Rb8
21. c5 bxc5 22. bxc5 dxc5 23. Nxc5 Be6 24. Bxc6 Red8 25. d5 Rbc8 26. Nb7
Rxc6 27. Nxd8 Qxd8 28. dxe6 1-0

[Event "Irish Championship 2004"]
[Site "Limerick IRL"]
[Date "2004.07.10"]
[Round "1"]
[White "Ryan, Joe"]
[Black "Soh, Edmund"]
[Result "1-0"]
[WhiteTitle "FM"]
[WhiteElo "2294"]
[BlackElo "2068"]
[WhiteICU "2316"]
[WhiteClub "Phibsboro"]
[WhiteNationality "IRL"]
[BlackNationality "ENG"]
[WhiteFideId "2500426"]
[BlackFideId "408964"]
[WhiteICUId "1525"]
[PlyCount "97"]
[Venue "Kilmurry Lodge Hotel, Dublin Rd, N7, Castletroy, Limerick"]
[EventDate "2004.07.10"]
[Source "ICU games archive"]

{ Event information: <a
href="https://www.irlchess.com/irlch2004_allfiles/pairings_irlch2004.html">Tournament
report</a>. }

1. e4 d6 2. d4 Nf6 3. Nc3 g6 4. g3 Bg7 5. Bg2 O-O 6. Nge2 e5 7. h3 Nc6 8.
Be3 exd4 9. Nxd4 Bd7 10. O-O Re8 11. Kh2 Nb4 12. f4 c5 13. Nb3 Bc6 14. Nd2
Nxe4 15. Ndxe4 f5 16. a3 Na6 17. Ng5 Rxe3 18. Bd5+ Kf8 19. Qd2 Bd4 20. Rae1
Rxe1 21. Rxe1 Nc7 22. Nxh7+ Kg7 23. Ng5 Qd7 24. Ne6+ Kh7 25. Bxc6 bxc6 26.
Nxd4 cxd4 27. Qxd4 Re8 28. Re3 Rxe3 29. Qxe3 Ne8 30. b4 Nf6 31. a4 d5 32.
Qe5 Ne4 33. Ne2 Qb7 34. c3 Qa6 35. Qe7+ Kh6 36. b5 Qxa4 37. g4 fxg4 38.
hxg4 g5 39. fxg5+ Nxg5 40. Qf6+ Kh7 41. Qf5+ Kh6 42. Qf6+ Kh7 43. Qxg5 Qxb5
44. Qe7+ Kg8 45. Qe3 a5 46. Ng3 Qc4 47. Nf5 Qe4 48. Qg5+ Kf7 49. Nd6+ 1-0

[Event "Irish Championship 2004"]
[Site "Limerick IRL"]
[Date "2004.07.10"]
[Round "1"]
[White "White, Kevin"]
[Black "Short, Philip"]
[Result "1/2-1/2"]
[BlackTitle "FM"]
[WhiteElo "2045"]
[BlackElo "2298"]
[WhiteNationality "ENG"]
[BlackNationality "IRL"]
[WhiteFideId "410624"]
[BlackFideId "2500086"]
[BlackICUId "1557"]
[PlyCount "39"]
[Venue "Kilmurry Lodge Hotel, Dublin Rd, N7, Castletroy, Limerick"]
[EventDate "2004.07.10"]
[Source "ICU games archive"]

{ Event information: <a
href="https://www.irlchess.com/irlch2004_allfiles/pairings_irlch2004.html">Tournament
report</a>. }

1. e4 e6 2. d3 d5 3. Nd2 Nc6 4. Ngf3 Nf6 5. c3 dxe4 6. dxe4 Bc5 7. Be2 O-O
8. O-O a5 9. e5 Nd7 10. Ne4 Be7 11. Bf4 h6 12. h3 f5 13. exf6 Nxf6 14. Qxd8
Bxd8 15. Nxf6+ Rxf6 16. Bg3 Rf7 17. Bc4 Bf6 18. Rfe1 Re7 19. Rad1 a4 20.
Ne5 1/2-1/2

[Event "Irish Championship 2004"]
[Site "Limerick IRL"]
[Date "2004.07.11"]
[Round "2"]
[White "Fox, Anthony"]
[Black "White, Kevin"]
[Result "1-0"]
[WhiteElo "2123"]
[BlackElo "2045"]
[WhiteICU "2059"]
[WhiteClub "Dun Laoghaire"]
[WhiteNationality "IRL"]
[BlackNationality "ENG"]
[WhiteFideId "2500736"]
[BlackFideId "410624"]
[WhiteICUId "456"]
[PlyCount "39"]
[Venue "Kilmurry Lodge Hotel, Dublin Rd, N7, Castletroy, Limerick"]
[EventDate "2004.07.10"]
[Source "ICU games archive"]

{ Event information: <a
href="https://www.irlchess.com/irlch2004_allfiles/pairings_irlch2004.html">Tournament
report</a>. }

1. e4 c5 2. Nc3 e6 3. g3 d5 4. exd5 exd5 5. d4 cxd4 6. Qxd4 Be6 7. Bg2 Nc6
8. Qa4 Be7 9. Nge2 Bf6 10. O-O Ne7 11. Nf4 O-O 12. Re1 Bd7 13. Ncxd5 Nxd5
14. Nxd5 Nd4 15. Nxf6+ Qxf6 16. Qxd7 Nxc2 17. Be3 Nxa1 18. Rxa1 Qxb2 19.
Rd1 Qxa2 20. Bc5 1-0

[Event "Irish Championship 2004"]
[Site "Limerick IRL"]
[Date "2004.07.11"]
[Round "2"]
[White "Brady, Stephen"]
[Black "Wallace, Paul"]
[Result "1-0"]
[WhiteTitle "FM"]
[WhiteElo "2365"]
[BlackElo "2171"]
[WhiteICU "2365"]
[BlackICU "2211"]
[WhiteClub "Phibsboro"]
[BlackClub "Lichfield ENG"]
[WhiteNationality "IRL"]
[BlackNationality "IRL"]
[WhiteFideId "2500124"]
[BlackFideId "2500892"]
[WhiteICUId "90"]
[BlackICUId "5201"]
[PlyCount "110"]
[Venue "Kilmurry Lodge Hotel, Dublin Rd, N7, Castletroy, Limerick"]
[EventDate "2004.07.10"]
[Source "ICU games archive"]

{ Annotator: Gerry Graham, <a
href="https://www.irlchess.com/irlch2004_allfiles/gerrygrahamreports/bulletin2.htm">Round
2 bulletin</a>. } { Event information: <a
href="https://www.irlchess.com/irlch2004_allfiles/pairings_irlch2004.html">Tournament
report</a>. }

1. e4 e5 2. Nf3 Nc6 3. d4 exd4 4. Nxd4 Qf6 5. Nb5 Bc5 6. Be3 Bxe3 7. fxe3
Qe5 8. Qd5 Kd8 9. Bc4 Qxd5 10. exd5 Ne5 11. Bd3 d6 12. N1c3 Nf6 13. Kd2 a6
14. Nd4 g6 15. Nf3 Nfg4 16. h3 Nxf3+ 17. gxf3 Nf2 18. Rh2 Nxd3 19. cxd3 c5
20. dxc6 bxc6 21. h4 h6 22. Rc1 Rb8 23. b3 Ke7 24. e4 Bd7 25. Ke3 a5 26. f4
f6 27. Rg2 Rhg8 28. d4 Rb4 29. Na4 Kf7 30. Nb2 Ke7 31. Nd3 Rb6 32. f5 g5
33. hxg5 hxg5 34. Rh1 Rg7 35. Rh6 Rb8 36. e5 Rf8 37. e6 Bc8 38. Nf2 Bb7 39.
Rgh2 c5 40. dxc5 dxc5 41. Ng4 Bc6 42. Rh7 Rxh7 43. Rxh7+ Kd6 44. Ra7 Rh8
45. Ra6 a4 46. bxa4 Rh3+ 47. Ke2 Rh4 48. Nxf6 Rxa4 49. Rxc6+ Kxc6 50. e7
Rxa2+ 51. Kf3 Ra8 52. e8=Q+ Rxe8 53. Nxe8 c4 54. Nf6 Kc5 55. Ke3 Kd6 1-0

[Event "Irish Championship 2004"]
[Site "Limerick IRL"]
[Date "2004.07.11"]
[Round "2"]
[White "Jones, Gawain"]
[Black "Jessel, Stephen"]
[Result "1/2-1/2"]
[WhiteTitle "FM"]
[WhiteElo "2453"]
[BlackElo "2238"]
[BlackICU "2065"]
[BlackClub "Phibsboro"]
[WhiteNationality "ENG"]
[BlackNationality "IRL"]
[WhiteFideId "409561"]
[BlackFideId "628859"]
[WhiteICUId "7685"]
[BlackICUId "4790"]
[PlyCount "95"]
[Venue "Kilmurry Lodge Hotel, Dublin Rd, N7, Castletroy, Limerick"]
[EventDate "2004.07.10"]
[Source "ICU games archive"]

{ Event information: <a
href="https://www.irlchess.com/irlch2004_allfiles/pairings_irlch2004.html">Tournament
report</a>. }

1. e4 e6 2. d3 c5 3. Nf3 Nc6 4. g3 Nge7 5. Bg2 g6 6. h4 h6 7. c3 Bg7 8. O-O
d5 9. Qe2 O-O 10. e5 Nf5 11. a3 a5 12. a4 b6 13. Bf4 Ba6 14. Na3 Qe7 15.
Rfe1 Rac8 16. Nc2 Rfd8 17. Qd2 d4 18. c4 Kh7 19. Re2 Rd7 20. Kh2 Bb7 21.
Rh1 Nb4 22. Nce1 Rh8 23. Kg1 Qf8 24. Qc1 Qa8 25. Qd2 Kg8 26. g4 Ne7 27. h5
g5 28. Bxg5 hxg5 29. Qxg5 Nxd3 30. h6 Ng6 31. hxg7 Rxh1+ 32. Kxh1 Nxe1 33.
Nxe1 Bxg2+ 34. Nxg2 Qf3 35. Rd2 d3 36. Qe3 Qxe3 37. Nxe3 Nxe5 38. f4 Nc6
39. Kg2 Kxg7 40. b3 Rd8 41. Kf2 Rd4 42. Kf3 Kg6 43. Rh2 e5 44. f5+ Kg7 45.
f6+ Kg6 46. Nf5 d2 47. Rh6+ Kg5 48. Rh5+ 1/2-1/2

[Event "Irish Championship 2004"]
[Site "Limerick IRL"]
[Date "2004.07.11"]
[Round "2"]
[White "Joyce, John"]
[Black "Orr, Mark J. L."]
[Result "1/2-1/2"]
[BlackTitle "IM"]
[WhiteElo "2271"]
[BlackElo "2338"]
[WhiteICU "2235"]
[BlackICU "2273"]
[WhiteClub "Bray/Greystones"]
[BlackClub "Wandering Dragons SCO"]
[WhiteNationality "IRL"]
[BlackNationality "IRL"]
[WhiteFideId "2500655"]
[BlackFideId "2500035"]
[WhiteICUId "658"]
[BlackICUId "1350"]
[PlyCount "75"]
[Venue "Kilmurry Lodge Hotel, Dublin Rd, N7, Castletroy, Limerick"]
[EventDate "2004.07.10"]
[Source "ICU games archive"]

{ Event information: <a
href="https://www.irlchess.com/irlch2004_allfiles/pairings_irlch2004.html">Tournament
report</a>. }

1. d4 Nf6 2. Bg5 d5 3. Bxf6 exf6 4. e3 Bd6 5. Nd2 O-O 6. g3 Be6 7. Bg2 c6
8. Ne2 Qd7 9. O-O Bh3 10. Bxh3 Qxh3 11. c4 dxc4 12. Nxc4 Qd7 13. Nxd6 Qxd6
14. Qb3 Qd7 15. Rfd1 Na6 16. d5 c5 17. Nc3 b6 18. Qb5 Qb7 19. Rd2 Rfd8 20.
Rad1 Nc7 21. Qc4 Ne8 22. d6 Rd7 23. Qf4 Rad8 24. Ne4 Qc6 25. g4 c4 26. Rd5
b5 27. a3 a5 28. h4 b4 29. Rc5 Qa4 30. Rd4 bxa3 31. bxa3 Qxa3 32. Rdxc4 h6
33. Ra4 Qb3 34. Rcxa5 Nxd6 35. Ra8 Qb1+ 36. Kg2 Nxe4 37. Rxd8+ Rxd8 38.
Qxe4 1/2-1/2

[Event "Irish Championship 2004"]
[Site "Limerick IRL"]
[Date "2004.07.11"]
[Round "2"]
[White "McPhillips, Karl"]
[Black "Ryan, Joe"]
[Result "1-0"]
[BlackTitle "FM"]
[WhiteElo "2172"]
[BlackElo "2294"]
[WhiteICU "2099"]
[BlackICU "2316"]
[WhiteClub "Kilkenny"]
[BlackClub "Phibsboro"]
[WhiteNationality "IRL"]
[BlackNationality "IRL"]
[WhiteFideId "2501503"]
[BlackFideId "2500426"]
[WhiteICUId "5243"]
[BlackICUId "1525"]
[PlyCount "91"]
[Venue "Kilmurry Lodge Hotel, Dublin Rd, N7, Castletroy, Limerick"]
[EventDate "2004.07.10"]
[Source "ICU games archive"]

{ Annotator: Gerry Graham, <a
href="https://www.irlchess.com/irlch2004_allfiles/gerrygrahamreports/bulletin2.htm">Round
2 bulletin</a>. } { Event information: <a
href="https://www.irlchess.com/irlch2004_allfiles/pairings_irlch2004.html">Tournament
report</a>. }

1. d4 e6 2. c4 b6 3. e4 Bb7 4. Bd3 f5 5. exf5 Bb4+ 6. Kf1 Nf6 7. Nf3 O-O 8.
Bg5 Qe8 9. a3 Bd6 10. Nbd2 exf5 11. Qb3 Kh8 12. Re1 Qg6 13. Qc2 Nc6 14.
Bxf5 Qh5 15. Bxf6 Rxf6 16. Bxd7 Raf8 17. Bxc6 Bxc6 18. d5 Bd7 19. Re2 a5
20. Ke1 Qg4 21. Re4 Qg6 22. Qc3 Bc5 23. Re2 Rf4 24. Kd1 a4 25. Rhe1 Bg4 26.
Kc1 Bd6 27. h3 Bc8 28. Nd4 Rxf2 29. Rxf2 Rxf2 30. Qe3 Rf8 31. Ne6 Rg8 32.
g4 Bd7 33. Nf3 Re8 34. Nh4 Qf7 35. Nf5 Bf8 36. Ng5 Qg6 37. Ne6 Qf6 38. Qe4
c6 39. g5 Qf7 40. h4 cxd5 41. cxd5 b5 42. h5 Qxh5 43. Nfxg7 Bxg7 44. Rh1
Qxg5+ 45. Nxg5 Rxe4 46. Nxe4 1-0

[Event "Irish Championship 2004"]
[Site "Limerick IRL"]
[Date "2004.07.11"]
[Round "2"]
[White "Short, Philip"]
[Black "Mudrak, Josef"]
[Result "1/2-1/2"]
[WhiteTitle "FM"]
[BlackTitle "FM"]
[WhiteElo "2298"]
[BlackElo "2353"]
[WhiteNationality "IRL"]
[BlackNationality "CZE"]
[WhiteFideId "2500086"]
[BlackFideId "301116"]
[WhiteICUId "1557"]
[PlyCount "125"]
[Venue "Kilmurry Lodge Hotel, Dublin Rd, N7, Castletroy, Limerick"]
[EventDate "2004.07.10"]
[Source "ICU games archive"]
[BlackFullName "Mudr&aacute;k, Josef"]

{ Event information: <a
href="https://www.irlchess.com/irlch2004_allfiles/pairings_irlch2004.html">Tournament
report</a>. }

1. d4 Nf6 2. c4 g6 3. Nc3 Bg7 4. g3 d6 5. Bg2 O-O 6. e4 e5 7. d5 a5 8. Nge2
Na6 9. O-O Bd7 10. h3 Ne8 11. Be3 Nc5 12. Qd2 f5 13. exf5 gxf5 14. f4 e4
15. Bd4 Qe7 16. Nd1 Nf6 17. Nf2 Rfe8 18. Qe3 Nd3 19. Nxd3 exd3 20. Qxe7
Rxe7 21. Nc1 Ne4 22. Bxg7 Rxg7 23. Nxd3 Rxg3 24. Nf2 Nd2 25. Rfc1 Kf7 26.
Nh1 Rg6 27. Rc2 Ne4 28. Kh2 Rag8 29. Bf3 Rh6 30. Rg2 Rh4 31. Rf1 Rxg2+ 32.
Bxg2 Nd2 33. Rf2 Nxc4 34. Kg3 Rh6 35. Rc2 b5 36. b3 Ne3 37. Rxc7 Rg6+ 38.
Kf3 Ke8 39. Kxe3 Rxg2 40. Nf2 Rg3+ 41. Ke2 Kd8 42. Ra7 a4 43. Ra8+ Bc8 44.
Ra7 axb3 45. axb3 Rxb3 46. Nd3 b4 47. Kd2 h5 48. Ra4 Bb7 49. Rxb4 Bxd5 50.
Rd4 Rb5 51. Nb4 Bg2 52. Rxd6+ Kc7 53. Rg6 Bxh3 54. Nd3 Ra5 55. Ke3 Ra4 56.
Nc5 Rc4 57. Ne6+ Kd7 58. Nd4 Bg4 59. Rh6 Rc5 60. Ne6 Rc6 61. Nf8+ Kc7 62.
Rxc6+ Kxc6 63. Ng6 1/2-1/2

[Event "Irish Championship 2004"]
[Site "Limerick IRL"]
[Date "2004.07.11"]
[Round "2"]
[White "Walsh, Paul"]
[Black "Beveridge, Allan"]
[Result "1-0"]
[WhiteElo "2052"]
[BlackElo "2138"]
[WhiteICU "1991"]
[WhiteClub "Sarsfield"]
[WhiteNationality "IRL"]
[BlackNationality "SCO"]
[WhiteFideId "2501260"]
[BlackFideId "2400995"]
[WhiteICUId "3820"]
[BlackICUId "6750"]
[PlyCount "123"]
[Venue "Kilmurry Lodge Hotel, Dublin Rd, N7, Castletroy, Limerick"]
[EventDate "2004.07.10"]
[Source "ICU games archive"]

{ Event information: <a
href="https://www.irlchess.com/irlch2004_allfiles/pairings_irlch2004.html">Tournament
report</a>. }

1. e4 c5 2. Nf3 Nc6 3. d4 cxd4 4. Nxd4 Nf6 5. Nc3 e5 6. Ndb5 d6 7. Bg5 a6
8. Na3 b5 9. Nd5 Be7 10. Bxf6 Bxf6 11. c3 O-O 12. Nc2 Bg5 13. Be2 Rb8 14.
O-O g6 15. a4 bxa4 16. Ncb4 Nxb4 17. Nxb4 Bb7 18. Qxa4 a5 19. Qxa5 Bxe4 20.
Rfd1 Bh6 21. Qxd8 Rfxd8 22. Bc4 Bf8 23. Ra7 Rb7 24. Rxb7 Bxb7 25. Bd5 Rb8
26. Rb1 Be7 27. Kf1 Kf8 28. Bxb7 Rxb7 29. Nd5 Ke8 30. b4 Kd7 31. Ra1 Ke6
32. c4 Bd8 33. Ra6 e4 34. b5 Ke5 35. Nb4 Bb6 36. Nc6+ Kf5 37. Ra8 Kg5 38.
Ke2 f5 39. Nb4 Bc5 40. Nd5 Bd4 41. f3 exf3+ 42. Kxf3 Kh6 43. Ke2 g5 44. Kd3
Bc5 45. Kc3 f4 46. Kd3 Rf7 47. Ke4 Kh5 48. Re8 Kg4 49. Re7 Rxe7+ 50. Nxe7
Bg1 51. Nd5 Bxh2 52. b6 Bg1 53. b7 Ba7 54. Ne7 Bb8 55. Nc6 Bc7 56. Nb4 d5+
57. Nxd5 Bb8 58. c5 Kg3 59. c6 Kxg2 60. c7 Bxc7 61. Nxc7 f3 62. Nd5 1-0

[Event "Irish Championship 2004"]
[Site "Limerick IRL"]
[Date "2004.07.12"]
[Round "3"]
[White "Jessel, Stephen"]
[Black "Joyce, John"]
[Result "0-1"]
[WhiteElo "2238"]
[BlackElo "2271"]
[WhiteICU "2065"]
[BlackICU "2235"]
[WhiteClub "Phibsboro"]
[BlackClub "Bray/Greystones"]
[WhiteNationality "IRL"]
[BlackNationality "IRL"]
[WhiteFideId "628859"]
[BlackFideId "2500655"]
[WhiteICUId "4790"]
[BlackICUId "658"]
[PlyCount "112"]
[Venue "Kilmurry Lodge Hotel, Dublin Rd, N7, Castletroy, Limerick"]
[EventDate "2004.07.10"]
[Source "ICU games archive"]

{ Event information: <a
href="https://www.irlchess.com/irlch2004_allfiles/pairings_irlch2004.html">Tournament
report</a>. }

1. e4 c5 2. Nf3 e6 3. d4 cxd4 4. Nxd4 a6 5. c4 Nf6 6. Nc3 Qc7 7. a3 Nc6 8.
Be3 Ne5 9. Be2 d6 10. Rc1 Be7 11. O-O O-O 12. b4 b6 13. Kh1 Ng6 14. Qd2 Bb7
15. f3 Rac8 16. Rfd1 Qb8 17. Na4 Nd7 18. Bf1 Bd8 19. Nxe6 fxe6 20. Qxd6 Rf7
21. Nxb6 Nxb6 22. Bxb6 Bg5 23. Rc3 Bf4 24. Qxb8 Bxb8 25. Be3 Ne5 26. c5 Nc6
27. Bc4 Re7 28. Bg5 Ree8 29. Rd7 Rc7 30. Rd6 Kf7 31. f4 h6 32. Bh4 g5 33.
fxg5 hxg5 34. Bxg5 Ne5 35. Bxa6 Kg6 36. h4 Bxe4 37. Re3 Kf5 38. Rd4 Ra7 39.
Rdxe4 Rxa6 40. Rf4+ Kg6 41. g4 Nf7 42. h5+ Kxg5 43. Rxf7 Kxg4 44. b5 Ra4
45. Rg7+ Kf4 46. Rh3 Be5 47. Rg1 Bd4 48. Rh4+ Kf3 49. h6 Bxg1 50. Rxa4 Bxc5
51. Rc4 Be3 52. h7 Kg3 53. Rc3 Kf3 54. Rc7 Rd8 55. Kh2 Bf4+ 56. Kh3 Bxc7
0-1